Historia de la mística
Saved in:
| Hovedforfatter: | |
|---|---|
| Format: | Bog |
| Sprog: | spansk |
| Udgivet: |
Barcelona
Herder
1970
|
| Serier: | Biblioteca Herder. Teología y Filosofía, 120
|
| Fag: | |
| Tags: |
Tilføj Tag
Ingen Tags, Vær først til at tagge denne postø!
|
MARC
| LEADER | 00000nam a2200000 a 4500 | ||
|---|---|---|---|
| 001 | UCR2116 | ||
| 003 | CL-VaPUC | ||
| 008 | 980109e19700000SP |||||||||||||||||spa|d | ||
| 082 | 0 | 4 | |a 290 |b GRA |2 21 |
| 100 | |a Graef, Hilda |e author |9 477758 | ||
| 245 | 1 | 0 | |a Historia de la mística |
| 300 | |a 351 p | ||
| 942 | |c BK | ||
| 945 | |d 19980109 00:00:00 |a jquezada | ||
| 260 | |a Barcelona |b Herder |c 1970 | ||
| 600 | 0 | 7 | |a EDAD MEDIA |2 CL-VaPUC |9 399811 |
| 650 | 7 | |a RELIGION COMPARADA |2 CL-VaPUC |9 399812 | |
| 650 | 0 | |a Mística |9 378376 | |
| 650 | 0 | |a Nuevo testamento |9 257604 | |
| 650 | 7 | |a TEOLOGIA MISTICA |2 CL-VaPUC |9 338516 | |
| 650 | 7 | |a REFORMA |2 CL-VaPUC |9 319527 | |
| 650 | 7 | |a CONTRAREFORMA |2 CL-VaPUC |9 319528 | |
| 583 | |a last modification |c 19980109 00:00:00 |k Rodrigo Vera | ||
| 490 | 0 | |a Biblioteca Herder. Teología y Filosofía, 120 | |
| 999 | |c 265381 |d 265379 | ||
| 952 | |0 0 |1 0 |4 0 |6 290_000000000000000_GRA_1970 |7 0 |8 A |9 296284 |a BIBTEO |b BIBTEO |d 2019-11-20 |i 3387062 |l 1 |o 290 GRA 1970 |p 3387062 |r 2024-09-02 |s 2024-07-22 |w 2019-11-20 |y BK |k ICR | ||